01319nam a2200337 a 4500001001000000003000500010005001700015008004100032010001100073011001100084040000900095090001000104100003600114245012700150260003800277500006000315502009100375590004100466590004000507590004000547650003400587650004500621650002700666650004500693856007000738901000700808942001000815942000600825999001900831952013100850000114946CHAP20220329144505.0180816s2017 mx a |sm |||||||spa d a111407 a112379 cCHAP aTesis1 aOrtiz Montes, Graciela.913534910aManejo integrado in vitro de pestalotiopsis sp. causante del clavo de la guayabah[En línea]cpor Graciela Ortiz Montes. aCocutla, Gro. :bEl autor,c2017. aPara ver el contenido del material haga clic en la liga aTesis (Ing. Agr. Fitotecnista) -- Colegio Superior Agropecuario del Estado de Guerrero aBATCH-UPDb05c20180816lUCH01h1052 aE6339RRRb05c20180816lUCH01h1051 aE6339RRRb05c20180816lUCH01h143214aGuayabaxEnfermedades.95104914aHongos fitopatógenosxControl.912945714aPestalotiopsis.98753014aTrichoderma spp. como fungicida.9133923 aFinding aiduhttp://10.13.5.2/tesis/sist114946.pdfzTeclea aquí aBK cTESIS n0 c111407d111407 00104054718TESISaBCbBCd2018-08-16fTESISl0oTesisp114957-10r2019-12-31 00:00:00w2019-12-31yTESISzRecien adquirido